IDF Chiefs of the General Staff - Statistics

General Stats
  • This quiz has been taken 22 times
  • The average score is 14 of 24
Answer Stats
Years Chiefs of General Staff % Correct
2025 - Eyal Zamir
93%
2011 - 2015 Benjamin "Benny" Gantz
80%
2023 - 2025 Herzl "Herzi" Halevi
80%
1948 - 1949 Yaakov Dori
73%
2015 - 2019 Gad "Gadi" Eizenkot
67%
1968 - 1972 Haim Bar-Lev
67%
1953 - 1958 Moshe Dayan
67%
1964 - 1968 Yitzhak Rabin
67%
2019 - 2023 Aviv Kohavi
60%
2005 - 2007 Dan Halutz
60%
1991 - 1995 Ehud Barak
60%
2007 - 2011 Gabriel "Gabi" Ashkenazi
60%
1949 - 1952 Yigael Yadin
60%
1972 - 1974 David Elazar
53%
1952 - 1953 Mordechai Maklef
53%
1974 - 1978 Mordechai "Motta" Gur
53%
2002 - 2005 Moshe "Bogie" Ya'alon
53%
1983 - 1987 Moshe "Moishe VaHetzi" Levi
53%
1978 - 1983 Refael "Raful" Eitan
53%
1961 - 1964 Tzvi Tzur
53%
1995 - 1998 Amnon Lipkin-Shahak
40%
1987 - 1991 Dan Shomron
40%
1958 - 1961 Haim Laskov
40%
1998 - 2002 Shaul Mofaz
40%
No matching quizzes found
Score Distribution
Percent of People with Each Score
Percentile by Number Answered
Your Score History
You have not taken this quiz